000 00237 a2200109 4500
001 155151
040 _cEscola São Tomás de Aquino
240 1 0 _aO corpo humano
_lpor
245 1 0 _aO corpo humano
697 _aGENERALIDADES
942 _cBK
999 _c155151
_d155151